|
|
|
|
| LEADER |
00953nam a2200229 a 4500 |
| 001 |
GR-Antirio785 |
| 008 |
090520s gr 000 0 gre d |
| 020 |
|
|
|a 1931836906
|
| 040 |
|
|
|a GrPaTEI
|b gre
|c GR-PaULI
|
| 040 |
|
|
|a GrPaTEI
|b gre
|c GR-PaULI
|
| 040 |
|
|
|a GrPaTEI
|b gre
|c GR-PaULI
|
| 082 |
|
0 |
|a 005.8
|2 22
|
| 100 |
0 |
|
|a Shinder, Thomas W.
|
| 245 |
1 |
0 |
|a Best damn firewall book period /
|c Shinder, Thomas W. ...[et. al. ].
|
| 260 |
|
|
|a Rockland, MA. :
|b Syngress, Oxford , Elsevier Science,
|c c 2003
|
| 300 |
|
|
|a xxxiτ. , 1293 σ. :
|b εικ. ;
|c 24 εκ.
|
| 500 |
|
|
|a Περιλαμβάνει ευρετήριο.
|
| 650 |
|
0 |
|a FIREWALLS (COMPUTER SECURITY )
|
| 942 |
|
|
|2 ddc
|
| 952 |
|
|
|0 0
|1 0
|2 ddc
|4 0
|6 005_800000000000000_SHI
|7 0
|9 262217
|a LISK-2
|b LISK-2
|c BSC
|d 2021-01-17
|e 24
|f 0
|g 0.00
|l 0
|o 005.8 SHI
|p 2430000007237
|r 2021-01-17 00:00:00
|t 1
|w 2021-01-17
|y BK15
|x 20090520 0 1
|x GrPaTEI - Antirrio
|
| 971 |
|
|
|a .b25705842
|b 01-10-20
|c 12-09-16
|
| 999 |
|
|
|c 151217
|d 151217
|